History Quiz

Random History or Century Quiz

19th Century: First or Second Half Quiz Stats

Quiz Updated Jun 13, 2017

Challenge
Share
Tweet
Embed
Score 0/30 Timer 05:00
0 Plays Today
Event (1)st or (2)nd % Correct
Napoleon invaded Russia???
92.5%
Thomas Jefferson became president of the US???
90.1%
American Civil War began???
87.4%
Basketball invented???
82.5%
Beethoven performed 'Moonlight Sonata'???
82.3%
Thomas Edison tested his first light bulb???
79.5%
Construction of Suez Canal completed???
79.4%
New Zealand gave women the right to vote???
79.1%
H. G. Wells published 'The Time Machine'???
79%
Monroe Doctrine declared???
78.3%
Britain declared slave trade illegal???
73.4%
Jack the Ripper murders occured in London???
73%
Samuel Colt Patented the Revolver???
71.5%
First successful vaccine against rabies???
70.6%
Emily Brontë published 'Wuthering Heights'???
68.8%
Event (1)st or (2)nd % Correct
Jane Austen published 'Pride and Prejudice'???
68.6%
First recognized international soccer match???
68.1%
First steam locomotive begins operation???
67.2%
Victoria became Queen of Great Britain???
65.7%
Aspirin patented???
65.6%
Mexico gained independence from Spain???
65.4%
Charles Dickens published 'Oliver Twist'???
59.6%
Leo Tolstoy published 'War and Peace'???
58%
Darwin published 'On the Origin of Species'???
57.8%
Canadian Confederation formed???
57.6%
First isolation of aluminum???
50.8%
Dmitri Mendeleev created the Periodic Table???
50.6%
First Opium War began???
49.1%
Herman Melville published 'Moby-Dick'???
47.6%
First electric motor built???
37.6%

You're not logged in!

Compare scores with friends on all Sporcle quizzes.
Sign Up with Email
OR
Log In

You Might Also Like...

Show Comments

Extras

Top Quizzes Today


Score Distribution

Your Account Isn't Verified!

In order to create a playlist on Sporcle, you need to verify the email address you used during registration. Go to your Sporcle Settings to finish the process.